00870 a2200157 45000010006000000050017000060080041000230030015000640400040000790800149001192450045002682640075003133000018003885050283004061000023006895965720260407155850.0260407a1964 arg spa dAR-UNSa-BCEJYS aAR-UNSa-BCEJYSbspacAR-UNSa-BCEJYS a631.15xProducción de la explotación agrícola. Gestión de la explotación agrícola. Administración de la explotación agrícola 10aLas finanzas del Siglo XXpotros ensayos 1aBuenos Aires :bEUDEBA (Editorial Universitaria de Buenos Aires)c1964 a87 p.c18 cm. a1. Las finanzas del siglo XX desde el punto de vista de la neutralidad fiscal - 2. Reforma o reformas agrarias - 3. Algunas contradicciones y obstáculos en el desarrollo - 4. La distribución de las rentas según Pareto y las conclusiones que se han querido sacar de su ley 1 aAhumada, Guillermo